Nové rodinné domy XII : september 2012

Saved in:
Bibliographic Details
Other Authors: Bacová, Andrea, 1962- (Editor)
Format: Book
Language:Slovak
Published: Bratislava : Eurostav, 2012
Subjects:
Tags: Add Tag
No Tags, Be the first to tag this record!

MARC

LEADER 00000nam a22000003a 4500
001 stu255526
005 20230213123123.4
008 121010s2012------------------------slo-d
020 |a 978-80-89228-34-8 
040 |a STU  |b slo 
041 0 |a slo 
100 1 |a Bacová, Andrea,  |d 1962-  |4 edt  |u A1110  |9 100  |U FAD Fakulta architektúry  |T FA Ústav architektúry obytných budov  |X 354  |U A1110  |Y 392  |7 A000000354 
245 1 |a Nové rodinné domy XII :  |b september 2012 
260 |a Bratislava :  |b Eurostav,  |c 2012 
300 |a 64 strán 
650 7 |a domy rodinné  |2 stusub 
996 |b 284AU05444  |c A*8180 U  |l AAKNST  |s P  |a 0  |w stu255526_0001 
996 |b 284AU05445  |c A*8181 U  |l AAKNAR  |s A  |a 24  |w stu255526_0002